000
00469nam a2200181Ia 4500
008
100917s9999 xx 000 0 und d
082
_b
62270
100
_a
बोरकर कमलाकर
245
_a
फारारी
260
_b
त्रदिल प्रकाशन
_c
1983
300
_a
72
365
_b
7.5
520
_a
नाटक
630
_a
फारारी
650
_a
नाटक
730
_a
फारारी
942
_c
BOOK
999
_c
667664
_d
667661